000 00888nam a2200253Ia 4500
003 OSt
005 20221005104955.0
006 a|||||r|||| 00| 0
007 ta
008 221004b |||||||| |||| 00| 0 hin d
020 _a8185999473 (hbk)
_c295
024 _a101512
037 _b369, 04/03/2010, Swaraj Prakashan
_cTextual
040 _aCRL
_cCRL
_bhin
041 _2hin
_ahin
082 _aO152,1M96:g, P2
100 _aनवल, नंदकिशोर
245 0 _aनिराला - काव्य की छवियां
246 _aNirālā - kāvya kī chhaviyāan
260 _aदिल्ली
_bस्वराज प्रकाशन भारत
_c2002
300 _a194पृ0
_ccm.
942 _hO152,1M96:g, P2
_cTEXL
_2cc
999 _c1014349
_d1014349